Theory and problems in mathematics. (Record no. 99638)
[ view plain ]
| 000 -LEADER | |
|---|---|
| fixed length control field | 00506nam a2200205Ia 4500 |
| 003 - CONTROL NUMBER IDENTIFIER | |
| control field | OSt |
| 005 - DATE AND TIME OF LATEST TRANSACTION | |
| control field | 20260603123446.0 |
| 008 - FIXED-LENGTH DATA ELEMENTS--GENERAL INFORMATION | |
| fixed length control field | 210210b2000 xxu||||| |||| 00| 0 eng d |
| 040 ## - CATALOGING SOURCE | |
| Transcribing agency | AL |
| 041 ## - LANGUAGE CODE | |
| Language code of text/sound track or separate title | English |
| 082 ## - DEWEY DECIMAL CLASSIFICATION NUMBER | |
| Classification number | 510 BOST |
| 100 ## - MAIN ENTRY--PERSONAL NAME | |
| Personal name | BOSCO (S S). |
| 9 (RLIN) | 265142 |
| 245 ## - TITLE STATEMENT | |
| Title | Theory and problems in mathematics. |
| 260 ## - PUBLICATION, DISTRIBUTION, ETC. | |
| Place of publication, distribution, etc. | Mangalore |
| Name of publisher, distributor, etc. | T. Egithin Bosco |
| Date of publication, distribution, etc. | 2000 |
| 300 ## - PHYSICAL DESCRIPTION | |
| Extent | 4-364,5-20 |
| 650 ## - SUBJECT ADDED ENTRY--TOPICAL TERM | |
| Topical term or geographic name entry element | II PUC Maths |
| 9 (RLIN) | 265143 |
| 690 ## - LOCAL SUBJECT ADDED ENTRY--TOPICAL TERM (OCLC, RLIN) | |
| Topical term or geographic name as entry element | Mathematics |
| 9 (RLIN) | 265144 |
| 906 ## - LOCAL DATA ELEMENT F, LDF (RLIN) | |
| a | 051335 |
| 942 ## - ADDED ENTRY ELEMENTS (KOHA) | |
| Source of classification or shelving scheme | Dewey Decimal Classification |
| Koha item type | Book |
| Withdrawn status | Lost status | Source of classification or shelving scheme | Damaged status | Not for loan | Collection code | Home library | Current library | Shelving location | Date acquired | Source of acquisition | Cost, normal purchase price | Total Checkouts | Full call number | Barcode | Date last seen | Price effective from | Koha item type |
|---|---|---|---|---|---|---|---|---|---|---|---|---|---|---|---|---|---|
| Discarded | Dewey Decimal Classification | St Aloysius Library | St Aloysius Library | 02/17/2021 | SAC Co-Operative Store, Mangalore -03. | 160.00 | 510 BOST | 051337 | 02/17/2021 | 02/17/2021 | Book | ||||||
| Lost | Dewey Decimal Classification | Mathematics | St Aloysius Library | St Aloysius Library | 02/17/2021 | SAC Co-Operative Store, Mangalore -03. | 160.00 | 510 BOST | 051335 | 02/17/2021 | 02/17/2021 | Book | |||||
| Discarded | Dewey Decimal Classification | Mathematics | St Aloysius Library | St Aloysius Library | 02/17/2021 | SAC Co-Operative Store, Mangalore -03. | 160.00 | 510 BOST | 051336 | 02/17/2021 | 02/17/2021 | Book | |||||
| Discarded | Dewey Decimal Classification | Mathematics | St Aloysius Library | St Aloysius Library | 02/17/2021 | SAC Co-Operative Store, Mangalore -03. | 160.00 | 510 BOST | 051328 | 09/12/2023 | 02/17/2021 | Book | |||||
| Discarded | Dewey Decimal Classification | Mathematics | St Aloysius Library | St Aloysius Library | 02/17/2021 | SAC Co-Operative Store, Mangalore -03. | 160.00 | 510 BOST | 051329 | 09/12/2023 | 02/17/2021 | Book | |||||
| Discarded | Dewey Decimal Classification | Mathematics | St Aloysius Library | St Aloysius Library | 02/17/2021 | SAC Co-Operative Store, Mangalore -03. | 160.00 | 510 BOST | 051330 | 09/12/2023 | 02/17/2021 | Book | |||||
| Discarded | Dewey Decimal Classification | Mathematics | St Aloysius Library | St Aloysius Library | 02/17/2021 | SAC Co-Operative Store, Mangalore -03. | 160.00 | 510 BOST | 051333 | 09/12/2023 | 02/17/2021 | Book | |||||
| Discarded | Dewey Decimal Classification | Mathematics | St Aloysius Library | St Aloysius Library | 02/17/2021 | SAC Co-Operative Store, Mangalore -03. | 160.00 | 510 BOST | 051334 | 09/12/2023 | 02/17/2021 | Book |